| 000 | 00777cam a22002531 4500 | ||
|---|---|---|---|
| 001 | 22830 | ||
| 003 | BD-RjUL | ||
| 005 | 20211209000847.0 | ||
| 008 | 140309t1944 pk c b 000 0 eng | ||
| 035 | _a(BD-RjUL)22895 | ||
| 035 | _a(OCoLC)4227529 | ||
| 040 |
_aDLC _cMnU _dDLC _dBD-RjUL _beng |
||
| 041 | _aeng | ||
| 082 | 0 | 4 |
_a891.5 _bKHS 1944 |
| 100 | 1 |
_aK̲h̲aṭak, Sarfaraz K̲h̲ān ʻUqāb, _d1911-1984. _970394 |
|
| 245 | 0 | 0 |
_aS̲h̲aik̲h̲ Muḥammad ʻAlī Ḥazīn : _bhis life, times & works / |
| 260 |
_aLahore : _bM. Ashraf, _c1944. |
||
| 300 |
_axxi, 237 p. : _bport. ; _c22 cm. |
||
| 504 | _aBibliographical footnotes. | ||
| 600 | 0 | 0 |
_aMuḥammad ʻAlī Ḥazīn, _d1692?-1766? _970395 |
| 942 |
_2ddc _cBK |
||
| 999 |
_c22830 _d22830 |
||